LEADER 01555nam a2200289 i 4500 001 000000252392 003 CaOOAMICUS 005 20161229000000.0 008 161229s2016 gw u000 u ger u 013 $a231297 020 $a978-3-11-045184-9 040 $aSeMil$bita 100 1 $aSchäfer, Christoph.$0(OLS)http://semarc/name/93995 245 10$aAlfred Rahlfs (1865-1935) und die kritische Edition der Septuaginta :$beine biographisch-wissenschaftsgeschichtliche Studie /$cChristoph Schäfer. 260 $aBerlin ; Boston :$bDe Gruyter,$c2016. 300 $aXII, 520 p. ;$c24 cm. 490 0 $aBeihefte zur Zeitschrift für die alttestamentliche Wissenschaft ;$v489 500 $aTesto rivisto della tesi, Georg-August-Universität Göttingen, 2015. 650 4$aBibbia - AT - Settanta - Commentari, studi, critica, interpretazioni.$0(OLS)http://semarc/subject/44858 650 4$aRahlfs, Alfred <1865-1935>.$0(OLS)http://semarc/subject/46743 830 0$aBeihefte zur Zeitschrift für die alttestamentliche Wissenschaft ;$v489.$0(OLS)http://semarc/title/294 850 $aSeMil 852 $aSeMil$W1$xVenegono$y1$m2XA Q 489$j253612$B202738$CSeMilBibl$Z2$F215482 $81 961 $aSottoscrizione: De Gruyter 996 $6020$a978-3-11-045184-9$9(OLS)http://semarc/number/274714 996 $6245$aAlfred Rahlfs (1865-1935) und die kritische Edition der Septuaginta :$beine biographisch-wissenschaftsgeschichtliche Studie$9(OLS)http://semarc/title/409899 996 $6260$aBerlin ; Boston :$bDe Gruyter$9(OLS)http://semarc/publisher/36449 LEADER 00992nam a2200253 i 4500 001 000000034504 003 CaOOAMICUS 005 20221020111206.0 008 140328s1990 gw u000 u ger u 013 $a1092 020 $a3-545-23119-4 020 $a3-7887-1334-8 040 $aSeMil$bita 245 10$aMt. 8-17. 300 $aXIII, 537 p. 700 1 $aLuz, Ulrich,$d<1938- >.$0(OLS)http://semarc/name/538 773 0 $aLuz, Ulrich <1938- >$tEvangelium nach Matthäus.$dNeukirchen-Vluyn : Neukirchener ; Düsseldorf ; Zürich : Benziger, 1985-2002.$kEKK = Evangelisch-Katholischer Kommentar zum Neuen Testament$g2$w()682 850 $aSeMil 852 $aSeMil$W1$xVenegono$y1$m2YA A 1/2$j256892$B659$CSeMilBibl$Z2$F659 $81 961 $aSottoscrizione: Neukirchener 996 $6020$a3-545-23119-4$9(OLS)http://semarc/number/2301 996 $6020$a3-7887-1334-8$9(OLS)http://semarc/number/2302 996 $6245$aMt. 8-17$9(OLS)http://semarc/title/46712